Cases in comparative politics
Cases in Comparative Politics, Third Edition, is a set of thirteen country studies that describe politics in the United Kingdom, the United States, France, Germany, Japan, Russia, China, India, Iran, Brazil, Mexico, South Africa, and Nigeria. This casebook applies the conceptual framework developed...
שמור ב:
| מחבר ראשי: | |
|---|---|
| פורמט: | ספר |
| שפה: | Undetermined |
| יצא לאור: |
New York
W.W. Norton & Company
2010
|
| נושאים: | |
| תגים: |
הוספת תג
אין תגיות, היה/י הראשונ/ה לתייג את הרשומה!
|
| Thư viện lưu trữ: | Trung tâm Học liệu Trường Đại học Cần Thơ |
|---|
| LEADER | 01038nam a2200205Ia 4500 | ||
|---|---|---|---|
| 001 | CTU_190110 | ||
| 008 | 210402s9999 xx 000 0 und d | ||
| 082 | |a 320.3 | ||
| 082 | |b O.398 | ||
| 100 | |a O'Neil, Patrick H. | ||
| 245 | 0 | |a Cases in comparative politics | |
| 245 | 0 | |c Patrick H. O'Neil, Karl J. Fields, Donald Share | |
| 260 | |a New York | ||
| 260 | |b W.W. Norton & Company | ||
| 260 | |c 2010 | ||
| 520 | |a Cases in Comparative Politics, Third Edition, is a set of thirteen country studies that describe politics in the United Kingdom, the United States, France, Germany, Japan, Russia, China, India, Iran, Brazil, Mexico, South Africa, and Nigeria. This casebook applies the conceptual framework developed in the text across countries with a consistent organization that facilitates comparison and aids understanding. | ||
| 650 | |a Comparative government,Chính phủ so sánh | ||
| 650 | |x Case studies,Trường hợp nghiên cứu | ||
| 904 | |i Qhieu | ||
| 980 | |a Trung tâm Học liệu Trường Đại học Cần Thơ | ||